000 00496nam a2200169Ia 4500
008 160105s9999 xx 000 0 und d
020 _a2-7380-0337-0
041 _afre
245 _aLe guide des finances de l'agriculteur
260 _c1991
490 _aBien emprunter, bien placer
500 _aCote d'origine affectée par la BC : BC_638 54/D devient ER_749
654 _xCOMMUNAUTES EUROPEENNES
942 _c09
994 _a104328
999 _c4295
_d32293